| 000 | 00605cab a22002055a 4500 | ||
|---|---|---|---|
| 001 | L159935 | ||
| 008 | 180409e2018 xxk 000 0 eng d | ||
| 035 | _a(Sirsi) u159935 | ||
| 041 | 0 | _aeng | |
| 245 | 0 | 0 | _aHot 100 office office index 2018 |
| 260 | _c2018 | ||
| 490 |
_aProperty Week _v84(14) 6 April 2018, 31-35(5) |
||
| 520 | _aRanks top 100 office locations outside London with Brighton and Hove the most popular followed by Edinburgh and Cardiff. | ||
| 590 | _aNTK | ||
| 650 | 2 | 4 | _aRANKINGS |
| 651 | 4 |
_aUnited Kingdom _y |
|
| 690 |
_aCommercial property _96227 |
||
| 856 | 4 | 0 |
_u _z |
| 942 | _n0 | ||
| 999 |
_c85069 _d85069 |
||